Football Decoder #1 - Statistics

General Stats
  • This quiz has been taken 174 times
  • The average score is 13 of 16
Answer Stats
Clue Answer % Correct
M City where the 32-time Bundesliga winner is in Munich
96%
H Norwegian striker who scores goals for fun Haaland
95%
I Casillas' first name Iker
95%
M Croatian midfield mastermind Modrić
94%
S Cristiano Ronaldo's first club Sporting Lisbon
92%
O Most successful Greek club Olympiacos
91%
U Where the 1930 World Cup was held Uruguay
89%
I City where Beşiktaş, Fenerbahçe and Galatasaray are based Istanbul
88%
E Merseyside club nicknamed The Toffees Everton
87%
O Event which Brazil won in 2016 Olympics
74%
A Oldham or Charlton Athletic
72%
J Son of Patrick Kluivert currently playing for Bournemouth {Justin} Kluivert
70%
Quote I am José Mourinho
63%
O Nickname of the Dutch national team due to the shirt colour Oranje
58%
R Three Musketeers of AC Milan: van Basten, Gullit and... Rijkaard
54%
N Country beaten 7-0 by Portugal in 2010 North Korea
53%
No matching quizzes found
Score Distribution
Percent of People with Each Score
Percentile by Number Answered
Your Score History
You have not taken this quiz